A new lease of life (Record no. 74959)

MARC details
000 -LEADER
fixed length control field 01221cam a2200241 4500
001 - CONTROL NUMBER
control field ABS68840
008 - FIXED-LENGTH DATA ELEMENTS--GENERAL INFORMATION
fixed length control field 050322n2005 000 0 eng u
035 ## - SYSTEM CONTROL NUMBER
System control number (Sirsi) u129120
100 ## - MAIN ENTRY--PERSONAL NAME
Personal name Crosby, N.
245 #2 - TITLE STATEMENT
Title A new lease of life
260 ## - PUBLICATION, DISTRIBUTION, ETC.
Date of publication, distribution, etc. 2005
490 ## - SERIES STATEMENT
Series statement Estates Gazette
Volume/sequential designation (0509) 5 March 2005, 179-180(2)
520 ## - SUMMARY, ETC.
Summary, etc. Outlines the findings of "Monitoring the 2002 code of practice for commercial leases : final report" (J128921) commissioned by the ODPM. The report provides an independent view on whether lease structures are becoming more flexible, the extent to which tenants are now being offered a choice of alternative terms, the degree of awareness of property matters shown by small business tenants and whether or not the code is influencing the market. Concludes that flexibility is improving in some areas and that the 2002 code has had a greater effect than its predecessor.
590 ## - LOCAL NOTE (RLIN)
Local note KA
650 ## - SUBJECT ADDED ENTRY--TOPICAL TERM
Topical term or geographic name entry element CODE FOR LEASING BUSINESS PREMISES IN ENGLAND AND WALES
650 ## - SUBJECT ADDED ENTRY--TOPICAL TERM
Topical term or geographic name entry element RENT REVIEWS
650 ## - SUBJECT ADDED ENTRY--TOPICAL TERM
Topical term or geographic name entry element BUSINESS TENANCIES
650 ## - SUBJECT ADDED ENTRY--TOPICAL TERM
Topical term or geographic name entry element UPWARD ONLY RENT REVIEWS
690 ## - LOCAL SUBJECT ADDED ENTRY--TOPICAL TERM (OCLC, RLIN)
Topical term or geographic name as entry element LANDLORD AND TENANT-BUSINESS TENANCIES
700 ## - ADDED ENTRY--PERSONAL NAME
Personal name Murdoch, S.
700 ## - ADDED ENTRY--PERSONAL NAME
Personal name Hughes, C.
942 ## - ADDED ENTRY ELEMENTS (KOHA)
Suppress in OPAC 0
Holdings
Withdrawn status Lost status Source of classification or shelving scheme Damaged status Not for loan Home library Current library Shelving location Date acquired Total Checkouts Full call number Barcode Date last seen Copy number Price effective from Koha item type
    Dewey Decimal Classification     London London Journal article 22/03/2005   ABS68840 129120-1001 06/08/2019 1 06/08/2019 Journal article